00896nam a2200217 a 450000100100000000500170001000800410002704000250006810000260009324501350011926000500025430000470030449000240035150000630037570000280043870000260046670000320049283000310052495201060055599900170066100003662520200930075833.0120123s2005 dr 000 0 spa d aDO-SdBNPbspacBNPHU1 aThen, Bernardo96292110aMás allá de la mirada /cBernardo Then ; coordinador Francisco Noder ; texto Raysa Polanco ; fotografía Gianfranco Lanzetti. aSanto Domingo :bArte Latinoamericana,c2005. a11 p., [10] p. de láms. :bil. ;c25 cm.1 aMemorias del Caribe aIncluye datos biográficos del autor en la contracubierta1 aNoder, Francisco9629221 aPolanco, Raysa9629231 aLanzetti, Gianfranco962924 0aMemorias del Caribe962925 00107-18PDaPDbPDcOId2012-01-23iLF1l0o p36625-10r2020-06-25w2020-06-25yLFPDZNo se presta c36116d36116